000 00228nam a22000977a 4500
003 OSt
008 211204b ||||| |||| 00| 0 eng d
100 _aBasak, P
_95135
245 _aWater resources development in K.A .U
942 _cBK
999 _c17482
_d17482